| 000 | 00478nam a2200169Ia 4500 | ||
|---|---|---|---|
| 999 |
_c36935 _d36935 |
||
| 003 | OSt | ||
| 005 | 20210122140121.0 | ||
| 008 | 190216s9999||||xx |||||||||||||| ||und|| | ||
| 040 | _coclc | ||
| 082 |
_a371.37 _bJOS/G |
||
| 100 |
_aJoshi, P N _98372 |
||
| 245 | 0 |
_aGroup Discussion On Current Topics / _cP N Joshi |
|
| 260 |
_bUpkar Prakashan, _c2007. _aAgra: |
||
| 300 | _a252p | ||
| 650 | _aReferences | ||
| 942 |
_cREF _2ddc _h371.37 _iJOS/G _k371.37 _mJOS/G |
||